00699nam a2200193 a 450000100060000000300090000600800410001502000150005604000280007108200180009910000280011724500250014526000420017030000100021250501800022265000560040265000140045865000330047222797CO-ViMGA141112s2004 ck r 000 u spa d a9588235200 aCO-ViMGAbspacCO-ViMGA04a342.861 T677a1 aTorres Alzate, Hernàn10aAspectos Municipales aColombia : bBiblioteca Juridica Dike a777p. aNaturaleza del cargo, Elecciòn popular del alcalde, Inscripcion , eleccion , periodo, posesion, Actos del alcalde, Retiro y suspension del alcalde, El alcalde y lo electoral14aADMINISTRACION MUNICIPAL - COLOMBIA - LEGISLACION 14aALCALDES 14aDERECHO MUNICIPAL - COLOMBIA